[Event "Kieler Open 2019-A"]
[Site "Kiel"]
[Date "2019.07.29"]
[Round "5.6"]
[White "Schulze, Lara"]
[Black "Saglam, Bülent"]
[Result "1-0"]
[WhiteElo "2253"]
[BlackElo "2125"]
[Annotator "PH"]
[PlyCount "56"]
[EventDate "2019.??.??"]

1. e4 c6 2. d4 d5 3. e5 c5 4. dxc5 Nc6 5. a3 Nxe5 6. b4 g6 7. Bb2 Bg7 8. Nc3
Nf6 9. f4 Bg4 10. fxe5 Bxd1 11. exf6 Bxf6 12. Bb5+ Kf8 13. Rxd1 e6 14. Nge2 h6
15. O-O Rh7 16. Rf3 Kg8 17. Rdf1 Be5 18. Nf4 g5 19. Nh5 f5 20. g4 f4 21. Re1
Bd4+ 22. Kg2 Re7 23. Rd3 Bh8 24. Bc4 dxc4 25. Rxd8+ Rxd8 26. Kf3 Rd2 27. Ne4
Bxb2 28. Nxd2 Bxa3 1-0

[Event "Kieler Open 2019-A"]
[Site "Kiel"]
[Date "2019.07.29"]
[Round "5.7"]
[White "Köllner, Christof"]
[Black "Franz, Karsten"]
[Result "1/2-1/2"]
[WhiteElo "2091"]
[BlackElo "2219"]
[Annotator "PH"]
[PlyCount "20"]
[EventDate "2019.??.??"]

1. d4 g6 2. Nf3 Bg7 3. Nbd2 d6 4. e4 Nc6 5. c3 Nf6 6. Bc4 O-O 7. O-O e5 8. dxe5
dxe5 9. b4 Qe7 10. a4 Be6 1/2-1/2

[Event "Kieler Open 2019-A"]
[Site "Kiel"]
[Date "2019.07.29"]
[Round "5.8"]
[White "Latzke, Boris"]
[Black "Lebeda, Timo"]
[Result "1-0"]
[WhiteElo "2212"]
[BlackElo "2107"]
[Annotator "PH"]
[PlyCount "45"]
[EventDate "2019.??.??"]

1. d4 d5 2. c4 c6 3. Nf3 Nf6 4. Nc3 a6 5. cxd5 cxd5 6. Bf4 b5 7. e3 Nc6 8. Bd3
e6 9. O-O Bb7 10. Rc1 Be7 11. h3 O-O 12. Bb1 Rc8 13. Qe2 Qa5 14. Nd2 Qb6 15.
Nb3 Na5 16. Nc5 Bxc5 17. dxc5 Qxc5 18. Ne4 Nxe4 19. Rxc5 Nxc5 20. b4 Nc4 21.
bxc5 Rxc5 22. Qc2 Nxe3 23. Qxh7# 1-0

[Event "Kieler Open 2019-A"]
[Site "Kiel"]
[Date "2019.07.29"]
[Round "5.9"]
[White "Callsen, Niklas"]
[Black "Pluska, Alexander"]
[Result "0-1"]
[WhiteElo "2033"]
[BlackElo "2207"]
[Annotator "PH"]
[PlyCount "80"]
[EventDate "2019.??.??"]

1. e4 c5 2. Nf3 Nc6 3. d4 cxd4 4. Nxd4 Nf6 5. Nc3 e5 6. Ndb5 d6 7. Bg5 a6 8.
Na3 b5 9. Nd5 Be7 10. Bxf6 Bxf6 11. c4 b4 12. Nc2 a5 13. g3 O-O 14. Bg2 Be6 15.
O-O Rc8 16. b3 g6 17. Qd2 Bg7 18. Rad1 Kh8 19. Nde3 Qb6 20. Kh1 Rcd8 21. f4 f5
22. exf5 gxf5 23. Bd5 Bc8 24. Ng2 Ne7 25. Nce3 Qc5 26. Qe2 e4 27. Nc2 Bc3 28.
Nge3 Rf6 29. Qh5 Rdf8 30. Qh4 Qa7 31. g4 fxg4 32. Bxe4 Ng6 33. Bxg6 Rxg6 34. f5
Rgf6 35. Qxg4 Qa8+ 36. Rd5 Rg8 37. Qh4 Bb7 38. Nd4 Qf8 39. Ne6 Qh6 40. Qe4
Qxh2+ 0-1

[Event "Kieler Open 2019-A"]
[Site "Kiel"]
[Date "2019.07.29"]
[Round "5.10"]
[White "Kaulich, Philipp Theodor"]
[Black "Dittmann, Hans-Adolf"]
[Result "1/2-1/2"]
[WhiteElo "2177"]
[BlackElo "2068"]
[Annotator "PH"]
[PlyCount "113"]
[EventDate "2019.??.??"]

1. e4 c5 2. c3 d5 3. exd5 Qxd5 4. d4 Nf6 5. Nf3 Nc6 6. Be2 e6 7. O-O Be7 8. Be3
cxd4 9. cxd4 O-O 10. Nc3 Qd8 11. a3 Nd5 12. Qc2 Nxe3 13. fxe3 Bg5 14. Nxg5 Qxg5
15. Rf3 Bd7 16. Raf1 f5 17. Bc4 Na5 18. Ba2 Rac8 19. Qe2 Kh8 20. e4 h6 21. exf5
exf5 22. Nd5 Rc1 23. Nf4 Rxf1+ 24. Qxf1 Qf6 25. d5 Rc8 26. Rc3 Rxc3 27. bxc3 g5
28. Ne6 Qxc3 29. h4 Bxe6 30. dxe6 Qd4+ 31. Qf2 Qxf2+ 32. Kxf2 Nc6 33. hxg5 hxg5
34. Bd5 Kg7 35. e7 Nxe7 36. Bxb7 Kf6 37. Ke3 Ke5 38. a4 Nd5+ 39. Kd3 f4 40. Kc4
Ne3+ 41. Kd3 Nf5 42. a5 g4 43. Bc8 g3 44. Bb7 Nh4 45. Ke2 Kd6 46. a6 Ke5 47.
Ba8 Kf5 48. Bb7 Kg4 49. Bc8+ Nf5 50. Bd7 Kg5 51. Bc8 Nd4+ 52. Kf1 Nf5 53. Bb7
Ne3+ 54. Ke2 Ng4 55. Bc8 Nh2 56. Bb7 Kh4 57. Bc6 1/2-1/2

[Event "Kieler Open 2019-A"]
[Site "Kiel"]
[Date "2019.07.29"]
[Round "5.11"]
[White "Arndt, Magnus"]
[Black "Meyer, Henrik"]
[Result "1-0"]
[WhiteElo "2313"]
[BlackElo "2007"]
[Annotator "PH"]
[PlyCount "55"]
[EventDate "2019.??.??"]

1. e4 g6 2. d4 Bg7 3. Nf3 d6 4. Bd3 c5 5. c3 Bg4 6. dxc5 dxc5 7. h3 Bxf3 8.
Qxf3 Nd7 9. O-O Ngf6 10. Qe2 Qc7 11. Nd2 O-O 12. a4 Nh5 13. Bc2 b6 14. Nc4 a6
15. Rd1 b5 16. axb5 axb5 17. Rxa8 Rxa8 18. Rxd7 Qxd7 19. Nb6 Qb7 20. Nxa8 c4
21. e5 Qxa8 22. g4 Qa1 23. Qd1 Bxe5 24. gxh5 gxh5 25. Bh6 Qxd1+ 26. Bxd1 b4 27.
Bd2 h4 28. Bc2 1-0

[Event "Kieler Open 2019-A"]
[Site "Kiel"]
[Date "2019.07.29"]
[Round "5.12"]
[White "Haffner, Alexander"]
[Black "Röhr, Tobias"]
[Result "0-1"]
[WhiteElo "2117"]
[BlackElo "2054"]
[Annotator "PH"]
[PlyCount "74"]
[EventDate "2019.??.??"]

1. d4 Nf6 2. Nf3 e6 3. Bg5 h6 4. Bh4 Be7 5. Nbd2 d5 6. e3 O-O 7. Bd3 b6 8. O-O
c5 9. c3 Ba6 10. Bxa6 Nxa6 11. Ne5 Nb8 12. f4 Nfd7 13. Bxe7 Qxe7 14. Qh5 Nxe5
15. fxe5 Nd7 16. Rf2 f6 17. exf6 Rxf6 18. Rxf6 Nxf6 19. Qg6 e5 20. Nf3 exd4 21.
exd4 Qe3+ 22. Kh1 Ne4 23. h3 Rf8 24. Ne5 cxd4 25. Qe6+ Kh7 26. cxd4 Rf6 27.
Qxd5 Ng3+ 28. Kh2 Ne2 29. Nf3 Rg6 30. Qe5 Qf2 31. Nh4 Nf4 32. Qe4 Qxh4 33. Rf1
Qg3+ 34. Kh1 Nxh3 35. Qf3 Qxf3 36. Rxf3 Ng5 37. Rd3 Rd6 0-1

[Event "Kieler Open 2019-A"]
[Site "Kiel"]
[Date "2019.07.29"]
[Round "5.13"]
[White "Basey, Matthew"]
[Black "Wanner, Lukas"]
[Result "0-1"]
[WhiteElo "1852"]
[BlackElo "2085"]
[Annotator "PH"]
[PlyCount "132"]
[EventDate "2019.??.??"]

1. d4 g6 2. c4 Bg7 3. Nc3 c5 4. d5 d6 5. e4 Nf6 6. Be2 O-O 7. Be3 e6 8. Qd2
exd5 9. cxd5 Re8 10. f3 a6 11. a4 h5 12. h4 Nbd7 13. Nh3 Ne5 14. Nf2 Bd7 15.
Bg5 Qa5 16. Ra3 Qb4 17. Qc2 c4 18. O-O Qc5 19. Rfa1 a5 20. Qd2 Rec8 21. Be3 Qb4
22. Qc2 Ne8 23. Rb1 Rc5 24. Na2 Qb6 25. Bxc5 Qxc5 26. f4 Ng4 27. Bxg4 Bxg4 28.
Nc3 Bd4 29. Ncd1 Nf6 30. Kf1 Re8 31. Nxg4 hxg4 32. Nc3 g3 33. Ne2 Ng4 34. Nxg3
Ne3+ 35. Rxe3 Bxe3 36. f5 Bf4 37. Qc3 Bxg3 38. Qxg3 Rxe4 39. Re1 Qxd5 40. fxg6
Rxe1+ 41. Kxe1 Qe6+ 42. Kf1 fxg6 43. Qc3 Qd5 44. Kg1 Qd1+ 45. Kh2 Qxa4 46. Qf6
Qe8 47. Qxd6 b5 48. Qd5+ Kh7 49. Qb7+ Kh6 50. Qc7 Qe4 51. Qg3 b4 52. Qg5+ Kg7
53. h5 Qf5 54. Qe7+ Kh6 55. hxg6 Kxg6 56. Qe8+ Kf6 57. Qd8+ Ke6 58. Qe8+ Kd6
59. Qd8+ Kc6 60. Qa8+ Kb5 61. Qe8+ Kc5 62. Qe7+ Kd4 63. Qd6+ Ke3 64. Qg3+ Kd2
65. Qg7 Kc2 66. Qd4 Qd3 0-1

[Event "Kieler Open 2019-A"]
[Site "Kiel"]
[Date "2019.07.29"]
[Round "5.14"]
[White "Rieper, Julian"]
[Black "Rouditser, Benjamin"]
[Result "1-0"]
[WhiteElo "2062"]
[BlackElo "1815"]
[Annotator "PH"]
[PlyCount "43"]
[EventDate "2019.??.??"]

1. e4 c6 2. d4 d5 3. e5 c5 4. Nf3 Nc6 5. Be2 Bg4 6. c4 cxd4 7. Na3 e6 8. Qa4
dxc4 9. Nxc4 d3 10. Bd1 Bb4+ 11. Bd2 Qd5 12. Ne3 Qe4 13. O-O f5 14. Ng5 b5 15.
Qxb5 Rb8 16. Qxb8+ Nxb8 17. Nxe4 Be2 18. Bxe2 dxe2 19. Rfc1 Nc6 20. Bxb4 Nxb4
21. Nd6+ Kd7 22. Nf7 1-0

[Event "Kieler Open 2019-A"]
[Site "Kiel"]
[Date "2019.07.29"]
[Round "5.15"]
[White "Petri, Alexander"]
[Black "Wendler, Werner"]
[Result "1-0"]
[WhiteElo "2146"]
[BlackElo "1954"]
[Annotator "PH"]
[PlyCount "75"]
[EventDate "2019.??.??"]

1. d4 d5 2. Nf3 c6 3. c4 e6 4. Qc2 f5 5. g3 Nf6 6. Bg2 Be7 7. O-O O-O 8. Nc3
Ne4 9. Rb1 Nd7 10. b4 a6 11. a4 Bf6 12. b5 axb5 13. axb5 c5 14. cxd5 Nxc3 15.
Qxc3 exd5 16. Qc2 cxd4 17. Qxf5 Nc5 18. Qc2 Ne4 19. Rb4 Qd6 20. Qb3 Nc5 21. Bf4
Qxf4 22. Qxd5+ Be6 23. Qxc5 Qb8 24. Nxd4 Bf7 25. Qb6 Ra7 26. e3 Bd8 27. Qc5 Ra2
28. Bd5 Ra8 29. Ne6 Re8 30. Nxd8 Qxd8 31. Bxb7 Ra2 32. Rd4 Qf6 33. Rf4 Qb2 34.
Rxf7 Kxf7 35. Bd5+ Kf6 36. Qc6+ Ke7 37. Qc7+ Kf8 38. Qf7# 1-0

[Event "Kieler Open 2019-A"]
[Site "Kiel"]
[Date "2019.07.29"]
[Round "5.16"]
[White "Mieck, Jale"]
[Black "Wunder, Niklas"]
[Result "0-1"]
[WhiteElo "1964"]
[BlackElo "2095"]
[Annotator "PH"]
[PlyCount "52"]
[EventDate "2019.??.??"]

1. e4 e5 2. Nf3 Nc6 3. Bc4 Bc5 4. c3 Nf6 5. d3 a6 6. Bb3 Ba7 7. Nbd2 O-O 8. Nf1
d5 9. Qe2 dxe4 10. dxe4 Qe7 11. Bg5 h6 12. Bh4 Be6 13. Ng3 Bxb3 14. axb3 g6 15.
Bxf6 Qxf6 16. h4 h5 17. Ng5 Rad8 18. Rh3 Kg7 19. Kf1 Qf4 20. Nxh5+ gxh5 21. Rg3
Kh6 22. Nf3 f5 23. exf5 Rxf5 24. Rd1 Rxd1+ 25. Qxd1 e4 26. Qd7 Qc1+ 0-1

[Event "Kieler Open 2019-A"]
[Site "Kiel"]
[Date "2019.07.29"]
[Round "5.17"]
[White "Besenthal, Klaus-Günther"]
[Black "Röhr, Oliver"]
[Result "1-0"]
[WhiteElo "2070"]
[BlackElo "1948"]
[Annotator "PH"]
[PlyCount "99"]
[EventDate "2019.??.??"]

1. d4 d5 2. Bf4 Nf6 3. e3 e6 4. Nd2 c5 5. c3 Nc6 6. Bd3 Bd6 7. Bxd6 Qxd6 8. f4
b6 9. Ngf3 O-O 10. Ne5 Bb7 11. Qf3 Nd7 12. Qh3 g6 13. Qh6 Qe7 14. Nxd7 Qxd7 15.
h4 f5 16. h5 Qg7 17. hxg6 hxg6 18. Qg5 Kf7 19. O-O-O Rh8 20. Bb5 Ne7 21. Nf3
Qf6 22. Ne5+ Kg7 23. Qxf6+ Kxf6 24. dxc5 bxc5 25. Nd7+ Kf7 26. Nxc5 Bc6 27.
Bxc6 Nxc6 28. b4 Ne7 29. a4 a5 30. Kb2 axb4 31. cxb4 Nc6 32. Kc3 Kf6 33. b5 Na5
34. Kb4 Nc4 35. Nd7+ Kg7 36. Rxh8 Rxh8 37. Rd3 Rh2 38. b6 Rxg2 39. Rb3 Nd6 40.
Nc5 g5 41. Nxe6+ Kf6 42. Nxg5 Rc2 43. Rc3 Rb2+ 44. Rb3 Rc2 45. a5 Rc4+ 46. Ka3
d4 47. b7 Nxb7 48. Rb6+ Ke7 49. Rxb7+ Kd6 50. exd4 1-0

[Event "Kieler Open 2019-A"]
[Site "Kiel"]
[Date "2019.07.29"]
[Round "5.18"]
[White "Rosenburg, Hauke"]
[Black "Hartwig, Frank"]
[Result "1/2-1/2"]
[WhiteElo "1925"]
[BlackElo "2059"]
[Annotator "PH"]
[PlyCount "84"]
[EventDate "2019.??.??"]

1. c4 d6 2. Nc3 e5 3. g3 Nc6 4. Bg2 Nge7 5. e3 g6 6. Nge2 Bg7 7. O-O O-O 8. Rb1
Be6 9. b3 d5 10. d3 Re8 11. Bb2 Rb8 12. a3 Qd7 13. Qc2 a6 14. Rfd1 d4 15. exd4
exd4 16. Ne4 Bh3 17. Qd2 Bxg2 18. Kxg2 Nf5 19. h3 Qe7 20. Nf4 Nd6 21. Nd5 Qd8
22. Nxd6 Qxd6 23. Re1 Re6 24. Re2 Rbe8 25. Rbe1 b5 26. Rxe6 {=} 26... fxe6 27.
Nb4 Nxb4 28. Qxb4 c5 29. Qd2 e5 30. Re4 bxc4 31. bxc4 Qb8 32. f4 Qb7 33. Kh2
Bh6 34. Bc1 Qb1 35. Re1 Qb8 36. Qg2 Qd8 37. Qe4 Bg7 38. Bd2 Qd7 39. fxe5 Rxe5
40. Qa8+ Kf7 41. Rxe5 Bxe5 42. Bh6 Qd6 1/2-1/2

[Event "Kieler Open 2019-A"]
[Site "Kiel"]
[Date "2019.07.29"]
[Round "5.19"]
[White "Kröncke, Manfred"]
[Black "Glinzner, Alva"]
[Result "1/2-1/2"]
[WhiteElo "2047"]
[BlackElo "1941"]
[Annotator "PH"]
[PlyCount "118"]
[EventDate "2019.??.??"]

1. e4 c5 2. Nf3 e6 3. d3 Nc6 4. g3 g6 5. Bg2 Bg7 6. O-O Nge7 7. c3 e5 8. a3 d6
9. b4 O-O 10. Be3 b6 11. Qd2 Be6 12. Bh6 Qc7 13. Bxg7 Kxg7 14. Ng5 Bd7 15. f4
f6 16. Nf3 Be6 17. Qe3 Rad8 18. Nbd2 Rfe8 19. Qf2 Ng8 20. d4 cxd4 21. cxd4 Nxd4
22. Nxd4 exd4 23. Rac1 Qd7 24. Qxd4 Nh6 25. Rc3 Nf7 26. f5 gxf5 27. exf5 Bxf5
28. Bc6 Qe6 29. Bxe8 Rxe8 30. Rcf3 Nh6 31. Nc4 d5 32. Ne3 Bg6 33. Nxd5 Qe5 34.
Qc4 Bf7 35. Re3 Qxe3+ 36. Nxe3 Bxc4 37. Nxc4 Kg6 {=} 38. h3 Re4 39. Nd2 Rd4 40.
Nf3 Rd3 41. Nh4+ Kg7 42. Rf3 Rd2 43. Rc3 Rd7 44. g4 Kf7 45. Kf2 Ng8 46. Nf5 Ne7
47. Nxe7 Rxe7 48. Kf3 Kg6 49. Kf4 Rd7 50. h4 Rd4+ 51. Kg3 h5 52. gxh5+ Kxh5 53.
Rf3 Rg4+ 54. Kf2 Rxh4 55. Rxf6 Rh2+ 56. Kg3 Ra2 57. Rf3 Kg5 58. Kh3 Rc2 59. Kg3
Ra2 1/2-1/2

[Event "Kieler Open 2019-A"]
[Site "Kiel"]
[Date "2019.07.29"]
[Round "5.20"]
[White "Jurkic, Bosiljko"]
[Black "Gombert, Reiner"]
[Result "0-1"]
[WhiteElo "2046"]
[BlackElo "1918"]
[Annotator "PH"]
[PlyCount "48"]
[EventDate "2019.??.??"]

1. e4 c5 2. Nf3 Nc6 3. Bb5 g6 4. Bxc6 dxc6 5. d3 Bg7 6. h3 Nf6 7. Nc3 Nd7 8.
Be3 e5 9. Qd2 h6 10. a3 Qe7 11. O-O Nf8 12. Ne2 Ne6 13. c3 f5 14. g3 f4 15.
gxf4 exf4 16. Bxf4 O-O 17. Bxh6 Rxf3 18. Bxg7 Kxg7 19. Ng3 Qh4 20. Kg2 Ng5 21.
Qxg5 Qxg5 22. Kxf3 Bxh3 23. Rg1 Bg4+ 24. Kg2 Qf4 0-1

[Event "Kieler Open 2019-A"]
[Site "Kiel"]
[Date "2019.07.29"]
[Round "5.21"]
[White "Boyens, Birger"]
[Black "Köllner, Aaron Noah"]
[Result "1-0"]
[WhiteElo "1918"]
[BlackElo "2044"]
[Annotator "PH"]
[PlyCount "119"]
[EventDate "2019.??.??"]

1. Nf3 Nf6 2. g3 d5 3. Bg2 c6 4. O-O Bg4 5. d4 Nbd7 6. b3 e6 7. Bb2 Bd6 8. Nbd2
Qb8 9. c4 O-O 10. Rc1 a5 11. a3 Re8 12. cxd5 exd5 13. Re1 Ne4 14. Nxe4 dxe4 15.
Ng5 Nf6 16. Qc2 e3 17. d5 exf2+ 18. Kxf2 Be5 19. dxc6 bxc6 20. Kf1 h6 21. Nf3
Bxg3 22. hxg3 Ne4 23. Ne5 Nxg3+ 24. Kf2 Rxe5 25. Bxe5 Qxe5 26. Qxc6 Re8 27. e3
Nf5 28. Qc7 Qb2+ 29. Rc2 Qxa3 30. Qd7 Qe7 31. Qxe7 Rxe7 32. Rc8+ Kh7 33. Rc5
Rd7 34. Bf3 Bxf3 35. Kxf3 Nh4+ 36. Kg3 g5 37. Rxa5 Rd3 38. b4 Kg6 39. Raa1 f5
40. Kf2 g4 41. Rad1 Rb3 42. Rb1 Rc3 43. Re2 f4 44. exf4 g3+ 45. Kg1 g2 46. b5
Rh3 47. Rxg2+ Nxg2 48. Kxg2 Rd3 49. b6 Rd8 50. b7 Rb8 51. Kf3 Kf5 52. Rb5+ Kf6
53. Ke4 h5 54. Rb6+ Kf7 55. Kf5 Ke7 56. Kg5 Kd7 57. Kxh5 Kc7 58. Rb1 Rh8+ 59.
Kg6 Kb8 60. f5 1-0

[Event "Kieler Open 2019-A"]
[Site "Kiel"]
[Date "2019.07.29"]
[Round "5.22"]
[White "Barten, Ralf"]
[Black "Dannehr, Jürgen"]
[Result "0-1"]
[WhiteElo "2035"]
[BlackElo "1909"]
[Annotator "PH"]
[PlyCount "44"]
[EventDate "2019.??.??"]

1. c4 Nf6 2. g3 g6 3. Bg2 Bg7 4. Nc3 O-O 5. e3 c6 6. Nge2 d6 7. O-O e5 8. e4
Be6 9. d3 d5 10. cxd5 cxd5 11. d4 Nxe4 12. Nxe4 dxe4 13. Bxe4 Bd5 14. Bxd5 Qxd5
15. Nc3 Qxd4 16. Qf3 Nc6 17. Rd1 Qc4 18. Rd7 Rad8 19. Rxb7 e4 20. Qxe4 Rd1+ 21.
Kg2 Qf1+ 22. Kf3 Ne5+ 0-1

[Event "Kieler Open 2019-A"]
[Site "Kiel"]
[Date "2019.07.29"]
[Round "5.23"]
[White "Pick, Stefan"]
[Black "Kollhoff, Josef"]
[Result "1-0"]
[WhiteElo "2019"]
[BlackElo "1833"]
[Annotator "PH"]
[PlyCount "115"]
[EventDate "2019.??.??"]

1. d4 d5 2. Nf3 Nf6 3. Bg5 Ne4 4. Bf4 c5 5. e3 Nc6 6. dxc5 e6 7. Nbd2 Nxd2 8.
Qxd2 Bxc5 9. c3 O-O 10. Bd3 Re8 11. Qc2 h6 12. Ne5 Nxe5 13. Bxe5 Bd6 14. Bxd6
Qxd6 15. O-O-O Qc6 16. e4 b5 17. e5 a5 18. Kb1 Ba6 19. h4 b4 20. cxb4 Qxc2+ 21.
Bxc2 axb4 22. Rd4 Rab8 23. Rh3 Rec8 24. Rg3 Rc4 25. Rxc4 dxc4 26. Be4 Rd8 27.
Kc2 Rd4 28. Re3 Bb5 29. g3 Kf8 30. Bf3 Ke7 31. Re4 Rxe4 32. Bxe4 Kd7 33. a3
bxa3 34. bxa3 Kc7 35. Kc3 Kb6 36. Kb4 f6 37. f4 fxe5 38. fxe5 g5 39. hxg5 hxg5
40. Bg6 c3 41. Kxc3 Kc5 42. Bd3 Ba4 43. Bc4 Bd7 44. Bb3 Bc8 45. a4 Bd7 46. a5
Bc8 47. Bc4 Bd7 48. a6 Kb6 49. Kb4 Bc8 50. a7 Kxa7 51. Kc5 Kb8 52. Kd6 Bb7 53.
Kxe6 Kc7 54. Kf6 g4 55. e6 Bc6 56. e7 Be8 57. Be2 Kd6 58. Bxg4 1-0

[Event "Kieler Open 2019-A"]
[Site "Kiel"]
[Date "2019.07.29"]
[Round "5.24"]
[White "Großelohmann, Gerhard"]
[Black "Schmidt, Peter"]
[Result "0-1"]
[WhiteElo "1999"]
[BlackElo "1881"]
[Annotator "PH"]
[PlyCount "66"]
[EventDate "2019.??.??"]

1. d4 Nf6 2. c4 c5 3. Nf3 cxd4 4. Nxd4 e5 5. Nb5 d5 6. cxd5 Bc5 7. e3 O-O 8.
N5c3 e4 9. Be2 Qe7 10. Nd2 Rd8 11. Qc2 Bf5 12. O-O Nbd7 13. Nb3 Bd6 14. Nd4 Qe5
15. g3 Bh3 16. Rd1 Rac8 17. Qb3 Nc5 18. Qc2 h5 19. Qd2 h4 20. f4 Qe7 21. Bf1
Bxf1 22. Rxf1 Nd3 23. Nf5 Qd7 24. Nxh4 Bb4 25. Qc2 Nxd5 26. Qb3 Bxc3 27. bxc3
Rxc3 28. Qd1 Rdc8 29. Bd2 Rc2 30. Ng2 Qh3 31. Kh1 R8c6 32. a4 Rh6 33. Nh4 Nxe3
0-1

[Event "Kieler Open 2019-A"]
[Site "Kiel"]
[Date "2019.07.29"]
[Round "5.25"]
[White "Berenstein, Alexander"]
[Black "Rosenburg, Thies"]
[Result "1-0"]
[WhiteElo "1972"]
[BlackElo "1778"]
[Annotator "PH"]
[PlyCount "123"]
[EventDate "2019.??.??"]

1. d4 Nf6 2. c4 e6 3. Nf3 d5 4. g3 Be7 5. Bg2 O-O 6. O-O dxc4 7. Ne5 Nc6 8.
Nxc6 bxc6 9. Bxc6 Rb8 10. Bg2 c5 11. dxc5 Bxc5 12. Qc2 Qb6 13. Nc3 Bd7 14. Rb1
Bc6 15. Bg5 Bxg2 16. Kxg2 Qc6+ 17. f3 Nd7 18. Ne4 f6 19. Bf4 Rb4 20. Bd2 Ra4
21. b3 cxb3 22. axb3 Ra6 23. Rfc1 Rc8 24. b4 Bf8 25. Qd3 Qb7 26. Rxc8 Qxc8 27.
b5 Rb6 28. Be3 Rb7 29. Nd6 Bxd6 30. Qxd6 Ne5 31. Bf2 Qe8 32. Qa6 Qd7 33. Rb4
Kf7 34. h3 Ng6 35. Rd4 Qxb5 36. Qxb5 Rxb5 37. Rd7+ Kg8 38. Rxa7 h6 39. f4 Kh7
40. Ra6 e5 41. e3 exf4 42. gxf4 f5 43. Ra7 h5 44. Be1 Nf8 45. Bc3 Ne6 46. Re7
Rb6 47. h4 Rb3 48. Be5 Rb6 49. Kf3 Kg6 50. Ke2 Kh7 51. Kd3 Kg8 52. Kc4 Kf8 53.
Ra7 g6 54. Kd5 Nd8 55. Bd6+ Ke8 56. Bc7 Rb5+ 57. Kd6 Rb3 58. Ra8 Rd3+ 59. Ke5
Rxe3+ 60. Kf6 Re6+ 61. Kg5 Kd7 62. Bxd8 1-0

[Event "Kieler Open 2019-A"]
[Site "Kiel"]
[Date "2019.07.29"]
[Round "5.26"]
[White "Probst, Alexander"]
[Black "Sallandt, Frido"]
[Result "1/2-1/2"]
[WhiteElo "1969"]
[BlackElo "1680"]
[Annotator "PH"]
[PlyCount "45"]
[EventDate "2019.??.??"]

1. c4 e5 2. Nc3 Bb4 3. g3 Bxc3 4. dxc3 d6 5. Bg2 Ne7 6. e4 Nbc6 7. Ne2 O-O 8.
Be3 Be6 9. b3 Qd7 10. O-O Bh3 11. Qd2 Bxg2 12. Kxg2 f5 13. f3 Rf7 14. Qd3 Raf8
15. exf5 Nxf5 16. Rad1 Nxe3+ 17. Qxe3 Qf5 18. Qe4 Qxe4 19. fxe4 Nd8 20. Rxf7
Kxf7 21. c5 Ke6 22. cxd6 cxd6 23. Rd5 1/2-1/2

[Event "Kieler Open 2019-A"]
[Site "Kiel"]
[Date "2019.07.29"]
[Round "5.27"]
[White "Grimm, Ling Leander"]
[Black "Ruhland, Cliff"]
[Result "0-1"]
[WhiteElo "1691"]
[BlackElo "1965"]
[Annotator "PH"]
[PlyCount "22"]
[EventDate "2019.??.??"]

1. e4 g6 2. h4 d5 3. e5 h5 4. d4 c5 5. c3 Nc6 6. Be3 Nh6 7. Ne2 Nf5 8. Nf4 e6
9. g3 Qb6 10. Na3 cxd4 11. cxd4 Bb4+ 0-1

[Event "Kieler Open 2019-A"]
[Site "Kiel"]
[Date "2019.07.29"]
[Round "5.28"]
[White "Omert, Oliver"]
[Black "Friedel, Marcus"]
[Result "1/2-1/2"]
[WhiteElo "1815"]
[BlackElo "2162"]
[Annotator "PH"]
[PlyCount "45"]
[EventDate "2019.??.??"]

1. e4 d6 2. d4 Nf6 3. Nc3 e5 4. Nf3 exd4 5. Nxd4 Be7 6. Be2 O-O 7. Bf4 Re8 8.
Qd2 a6 9. O-O Bf8 10. Bf3 Nbd7 11. Rfe1 Ne5 12. Rad1 c6 13. h3 Qc7 14. g4 Qb6
15. Bg2 Nc4 16. Na4 Qc7 17. Qc3 Ne5 18. Qg3 {=} 18... b5 19. Nc3 b4 20. Nb1 h5
21. g5 Nfd7 22. Nd2 g6 23. Be3 1/2-1/2

[Event "Kieler Open 2019-A"]
[Site "Kiel"]
[Date "2019.07.29"]
[Round "5.29"]
[White "Srimathi Raajesh"]
[Black "Lawrenz, Sebastian"]
[Result "1/2-1/2"]
[WhiteElo "1832"]
[BlackElo "1924"]
[Annotator "PH"]
[PlyCount "53"]
[EventDate "2019.??.??"]

1. e4 c6 2. d4 d5 3. Nc3 dxe4 4. Nxe4 Bf5 5. Ng3 Bg6 6. h4 h6 7. Nf3 Nd7 8. h5
Bh7 9. Bd3 Bxd3 10. Qxd3 Qc7 11. Bd2 e6 12. O-O-O Ngf6 13. Kb1 O-O-O 14. c4 Bd6
15. Ne4 Nxe4 16. Qxe4 Nf6 17. Qe2 Rhe8 18. Bc3 Nd7 19. b3 Be7 20. Ne5 Nxe5 21.
dxe5 c5 22. Qg4 Bf8 23. Qf3 Rxd1+ 24. Rxd1 Rd8 25. Rxd8+ Kxd8 26. g4 Ke8 27.
Qe4 1/2-1/2

[Event "Kieler Open 2019-A"]
[Site "Kiel"]
[Date "2019.07.29"]
[Round "5.30"]
[White "Karlisch, Moritz"]
[Black "Rohmann, Volker"]
[Result "1/2-1/2"]
[WhiteElo "1894"]
[BlackElo "1752"]
[Annotator "PH"]
[PlyCount "54"]
[EventDate "2019.??.??"]

1. d4 d5 2. c4 c6 3. Nf3 e6 4. e3 Nf6 5. Nc3 Nbd7 6. Bd3 Bd6 7. O-O O-O 8. Qc2
dxc4 9. Bxc4 b5 10. Bd3 Bb7 11. a3 Rc8 12. b4 a6 13. Rd1 Qe7 14. Ne2 g6 15. Bb2
e5 16. Ng3 Rfe8 17. dxe5 Nxe5 18. Nxe5 Bxe5 19. Rac1 Bxb2 20. Qxb2 Rc7 21. Be2
Bc8 22. h3 Be6 23. Rd2 Bd5 24. Rdc2 h5 25. Qd4 Nd7 26. Rc3 Qe5 27. Qd2 h4
1/2-1/2

[Event "Kieler Open 2019-A"]
[Site "Kiel"]
[Date "2019.07.29"]
[Round "5.31"]
[White "Papesch, Dennis"]
[Black "Günther, Emil"]
[Result "1-0"]
[WhiteElo "1880"]
[BlackElo "1743"]
[Annotator "PH"]
[PlyCount "93"]
[EventDate "2019.??.??"]

1. c4 g6 2. g3 Bg7 3. Bg2 d6 4. Nc3 e5 5. d3 Ne7 6. e3 O-O 7. Nge2 Nbc6 8. O-O
f5 9. f4 Be6 10. Nd5 Kh8 11. Rb1 a5 12. a3 Bxd5 13. cxd5 Nb8 14. b4 axb4 15.
Rxb4 Qc8 16. Bb2 c6 17. Qa1 Nd7 18. Rc1 Rf7 19. fxe5 Bxe5 20. Nf4 c5 21. d4
Bxf4 22. dxc5+ Kg8 23. gxf4 Nxc5 24. Bd4 Ra5 25. Qb2 Qc7 26. Rb5 Rxb5 27. Qxb5
b6 28. Ba1 Nc8 29. Qb2 Kf8 30. Bf1 Ke7 31. Bb5 Na7 32. Bf1 Kd7 33. Rb1 Re7 34.
Qd4 Qb7 35. Bc3 Re4 36. Qg7+ Re7 37. Qd4 Re4 38. Qg7+ Re7 39. Qg8 Rxe3 40.
Qxh7+ Re7 41. Qxg6 Qxd5 42. Bh3 Kc7 43. Qxf5 Qf3 44. Re1 Ne4 45. Bg2 Qf2+ 46.
Kh1 Qc2 47. Rxe4 {Zeit} 1-0

[Event "Kieler Open 2019-A"]
[Site "Kiel"]
[Date "2019.07.29"]
[Round "5.32"]
[White "Stegert, Jonas"]
[Black "Schramm, Daniel"]
[Result "1-0"]
[WhiteElo "1495"]
[BlackElo "1837"]
[Annotator "PH"]
[PlyCount "123"]
[EventDate "2019.??.??"]

1. d4 g6 2. e4 Bg7 3. Nf3 c6 4. c4 d5 5. Nc3 dxe4 6. Nxe4 Nf6 7. Nxf6+ exf6 8.
Be3 Bg4 9. Be2 O-O 10. O-O Nd7 11. h3 Bxf3 12. Bxf3 f5 13. Qd2 Nf6 14. Rad1 Ne4
15. Bxe4 {=} 15... fxe4 16. Bh6 Qc7 17. Bxg7 Kxg7 18. Rfe1 Rfe8 19. b3 Rad8 20.
Re2 f5 21. Qc3 Kg8 22. Red2 Qg7 23. Qe3 b6 24. d5 c5 25. Rc2 g5 26. Qc3 Qe7 27.
Re1 h5 28. Rce2 Rd7 29. f3 Qh7 30. fxe4 fxe4 31. Qf6 g4 32. hxg4 hxg4 33. Qf4
Rg7 34. Rxe4 Rf8 35. Re8 Rgf7 36. Qxg4+ Kh8 37. Rxf8+ Rxf8 38. Qh3 Qxh3 39.
gxh3 Rg8+ 40. Kh2 Rg7 41. Rg1 Re7 42. Rg2 Kh7 43. Rd2 Kg6 44. Kg3 Kf5 45. Kf3
Rh7 46. Rh2 Rh4 47. Kg3 Rd4 48. Rf2+ Kg5 49. Rf3 Rd2 50. a4 Rd4 51. h4+ Rxh4
52. Rf5+ Kxf5 53. Kxh4 a6 54. Kg3 a5 55. Kf3 Ke5 56. Kg4 Kd6 57. Kf5 Kd7 58.
Ke5 Ke7 59. d6+ Kd7 60. Kd5 b5 61. Kxc5 b4 62. Kd5 1-0

[Event "Kieler Open 2019-A"]
[Site "Kiel"]
[Date "2019.07.29"]
[Round "5.33"]
[White "Mohamed, Galal"]
[Black "Ortner, Jonas Ruben"]
[Result "1-0"]
[WhiteElo "1833"]
[BlackElo "1740"]
[Annotator "PH"]
[PlyCount "61"]
[EventDate "2019.??.??"]

1. d4 Nf6 2. Nf3 e6 3. Bf4 c5 4. e3 Nc6 5. c3 Be7 6. Nbd2 O-O 7. Bd3 Re8 8. h3
d5 9. O-O Qa5 10. a3 c4 11. Bc2 b5 12. e4 Qb6 13. e5 Nd7 14. Ng5 Nf8 15. Qh5 g6
16. Qh6 Nxd4 17. cxd4 Qxd4 18. Nxh7 Nxh7 19. Bxg6 fxg6 20. Qxg6+ Kh8 21. Qxe8+
Bf8 22. Be3 Qxe5 23. Nf3 Qc7 24. Bd4+ Kg8 25. Rfe1 Qd7 26. Qg6+ Bg7 27. Ne5 Qe7
28. Ng4 Bd7 29. Nh6+ Kf8 30. Qxh7 Bxd4 31. Qg8# 1-0

[Event "Kieler Open 2019-A"]
[Site "Kiel"]
[Date "2019.07.29"]
[Round "5.34"]
[White "Quiring, Nikolai"]
[Black "Salwasser, Christian"]
[Result "0-1"]
[WhiteElo "2018"]
[BlackElo "1697"]
[Annotator "PH"]
[PlyCount "58"]
[EventDate "2019.??.??"]

1. d4 d5 2. c4 e6 3. Nc3 c5 4. cxd5 cxd4 5. Qa4+ Bd7 6. Qxd4 exd5 7. Nxd5 Nc6
8. Qd1 Nf6 9. Nc3 Bc5 10. e3 Qe7 11. Nf3 O-O-O 12. Bd2 Rhg8 13. Qc1 g5 14. Na4
Bd6 15. Bb5 Kb8 16. Nc3 g4 17. Bxc6 Bxc6 18. Nd4 Bxg2 19. Rg1 Bf3 20. Nf5 Qe5
21. Nxd6 Qxh2 22. Ne2 Rxd6 23. Rf1 Ne4 24. Bb4 Rc6 25. Qd1 g3 26. fxg3 Bxe2 27.
Qxe2 Qxg3+ 28. Rf2 Nxf2 29. Qxf2 Qg1+ 0-1